000 00484nam a2200193Ia 4500
003 LK-CoDNM
008 010623t1978 xxu||||| |||| 00| 1 sin d
040 _aLK-CoDNM
_dLK-CoDNM
_eLK-CoDNM
041 _asin
080 _ax 929 JAY
100 _aJayaweera, Sunil
245 _aවීර මද්දුම
246 _aWeera Madduma
260 _bSuriya prakashakayo
_aColombo
_c1978
300 _b48, 21 cm
650 _aBiography
650 _aMadduma Bandara
942 _cBK
999 _c110642
_d110642